000 00364nam a2200133Ia 4500
005 20260326100032.0
008 260326s9999||||xx |||||||||||||| ||und||
100 _aRambert, Charles
245 0 _aConstructions Scolaires et Universitaires /
_cCharles Rambert
260 _bVilleneuve-Saint-Georges
300 _a155 p.
650 _aARQUITECTURA CIVIL
942 _cBK
999 _c6626
_d6626